000 01116nam a2200301 a 4500
001 000021535
005 20260505131525.0
008 100908s1994 mx a 001 0 spa d
020 _a9688805963
040 _aDO-SdBNP
_bspa
_cBNPHU
041 1 7 _aspa
_heng
_2Código de idiomas MARC
082 _a515.15
_bE26c, 1994
100 1 _aEdwards, C. H.
_944900
240 1 0 _aCalculos with analytic geometry.
_lEspañol
245 1 0 _aCálculo con geometría analítica /
_cC. H. Edwards y David E. Penney ; traducción de Óscar Alfredo Palmas Velasco ; revisión técnica de Víctor Hugo Ibarra Mercado.
250 _a4a ed.
260 _aMéxico :
_bPrentice Hall Hispanoamericana,
_c1994.
300 _a956, [80] p. :
_bil. ;
_c25 cm.
534 _aTraducido de la obra en inglés :
_tCalculos with analytic geometry
500 _aIncluye índice.
650 0 _aCálculo
_919730
650 0 _aGeometría analítica
_944901
700 1 _aPenney, David E.
_944902
700 1 _aPalmas Velasco, Óscar Alfredo,
_etr.
_998
700 1 _aIbarra Mercado, Víctor Hugo,
_erev.
_944903
910 _aWM
049 _aBNGR
999 _c21035
_d21035